000 00708nam a2200289Ia 4500
005 20260324132853.0
008 008 260324s9999 xx 000 0 eng d
020 _a9781315243481
037 _aEBOOK
040 _aCRL
040 _beng
040 _cCRL
041 _2eng
041 _aeng
084 _qCRL
100 _aJanice Richardson
_91041464
245 0 _aSelves, Persons, Individuals
245 0 _bPhilosophical Perspectives on Women and Legal Obligations
260 _bTaylor and Francis
260 _c2004
365 _a
365 _b230
856 _uhttp://www.taylorfrancis.com/books/9781315243481
942 _cEBOOK
999 _c1789427
_d1789427